| 000 | 01145cam a22003497a 4500 | ||
|---|---|---|---|
| 003 | CHAP | ||
| 005 | 20220919135215.0 | ||
| 008 | 971013s1967 mx r 10010 spa d | ||
| 010 | _a17851 | ||
| 011 | _a18823 | ||
| 035 | _a22908 | ||
| 040 | _cCHAP | ||
| 082 | 0 | 4 |
_a020 _bJ6 1965 |
| 111 | 0 | 0 |
_aJornadas Mexicanas de Biblioteconomía ( _n4 _d: 1965 _c: Jalapa, Ver.) _962176 |
| 245 | 1 | 4 | _aLas bibliotecas en la vida nacional; informe final... |
| 260 |
_aMéxico, D.F., : _bAsociación Mexicana de Bibliotecarios, _c1967 |
||
| 300 | _a118 p. | ||
| 590 |
_aBATCH-UPD _b10 _c20130109 |
||
| 590 |
_aBATCH-UPD _b10 _c20130110 |
||
| 590 |
_aBATCH-UPD _b10 _c20130110 |
||
| 590 |
_aBATCH-UPD _b10 _c20130409 |
||
| 590 |
_aBATCH-UPD _b10 _c20130410 |
||
| 590 |
_aBATCH-UPD _b10 _c20130914 |
||
| 590 |
_aCONVERSION _b10 _c20130109 |
||
| 650 | 1 | 4 |
_aBibliotecas. _912488 |
| 700 | 0 |
_aNadurille Téllez, Ramón. _980036 |
|
| 700 | 0 |
_aVelásquez Gallardo, Pablo. _9118484 |
|
| 901 | _aBK | ||
| 942 |
_cLIBRO _2ddc |
||
| 949 |
_a020 J6 1965 _bBC _cB _d-53500 _eB _fc.2 _h43823 _i22908 _mD _si |
||
| 949 |
_a020 J6 1965 _bBC _cB _d33724002316389 _eB _h38088 _i22908 _mD _si |
||
| 999 |
_c17851 _d17851 |
||